1001 Mutiara hikmah & kata nasihat

Bibliographic Details
Main Author: Kasmuri Selamat MA
Format: Book
Published: Kuala Lumpur : Darul Nu'man , 1998
Subjects:

MARC

LEADER 00000cam a2200000 7i4500
001 0000012697
005 20080118.0
008 071228
020 |a 9839017985 
090 0 0 |a 297.44   |b KAS 
100 1 |a Kasmuri Selamat MA 
245 1 0 |a 1001 Mutiara hikmah & kata nasihat   |c Kasmuri Selamat MA 
246 1 |a Seribu Satu mutiara hikmah dan kata nasihat 
260 |a Kuala Lumpur :   |b Darul Nu'man ,   |c 1998 
500 |a Dikemaskinikan dari buku 999 mutiara hikmah & kata-kata hikmah 
650 0 |a Islam   |x Customs & practices 
650 0 |a Religious life   |x Islam 
740 0
999 |a 0000817477   |b Book   |c Adult Collection   |e Cawangan Bandar Penawar 
999 |a 0000924052   |b Book   |c Adult Collection   |e Cawangan Bukit Gambir 
999 |a 0000924053   |b Book   |c Adult Collection   |e Cawangan Bukit Gambir 
999 |a 0000924054   |b Book   |c Adult Collection   |e Cawangan Bukit Gambir 
999 |a 0000934108   |b Book   |c Adult Collection   |e Cawangan Tangkak 
999 |a 0000934109   |b Book   |c Adult Collection   |e Cawangan Tangkak 
999 |a 0001006421   |b Book   |c Adult Collection   |e Cawangan Bandar Penawar 
999 |a 0001006422   |b Book   |c Adult Collection   |e Perbadanan Perpustakaan Awam Johor 
999 |a 0001006423   |b Book   |c Adult Collection   |e Perbadanan Perpustakaan Awam Johor 
999 |a 0001008576   |b Book   |c Adult Collection   |e Perbadanan Perpustakaan Awam Johor 
999 |a 0001008578   |b Book   |c Adult Collection   |e Perbadanan Perpustakaan Awam Johor